[Event "Santa Maria di Sala op-B 29th"]
[Site "Santa Maria di Sala"]
[Date "2022.12.11"]
[Round "5"]
[White "Bressan, Stefano"]
[Black "Rosina, Graziano"]
[Result "1-0"]
[WhiteElo "1715"]
[BlackElo "1688"]
[PlyCount "99"]
[EventDate "2022.12.09"]
[EventType "swiss"]
[EventRounds "5"]
[EventCountry "ITA"]
[SourceTitle "EXT 2024"]
[Source "ChessBase"]
[SourceDate "2023.10.10"]
[SourceVersion "1"]
[SourceVersionDate "2023.10.10"]
[SourceQuality "1"]

1. e4 e5 2. Nf3 Nf6 3. Nxe5 d6 4. Nf3 Nxe4 5. d4 d5 6. Bd3 Nc6 7. Be3 Be7 8. Nbd2 Nxd2 9. Qxd2 Bg4 10. c3 Bf6 11. 0-0-0 Qd7 12. Qc2 h6 13. Rde1 0-0-0 14. h3 Be6 15. Nd2 Kb8 16. f4 g6 17. g4 Ne7 18. Rhf1 Qc6 19. f5 gxf5 20. gxf5 Bd7 21. Bf4 Rde8 22. Nf3 Qa4 23. b3 Qa3+ 24. Kb1 Nc6 25. Ne5 Nxe5 26. dxe5 Bg5 27. Bxg5 hxg5 28. Rf3 Qc5 29. Qd2 Rhg8 30. Rg3 Qe7 31. Qe3 f6 32. e6 Bc6 33. Reg1 Rh8 34. Qd4 Rh4 35. Qe3 Reh8 36. Be2 Re4 37. Qf2 Rf4 38. Rf3 Rhh4 39. Rg4 Rfxg4 40. hxg4 Qa3 41. Rd3 Kc8 42. Qd4 Qe7 43. Bf3 b6 44. Bxd5 Bb5 45. c4 Be8 46. Qe4 c5 47. Bc6 Qh7 48. Bxe8 Rh1+ 49. Kb2 Qh2+ 50. Ka3 1-0

[Event "Mestre Cipressina op-A 5th"]
[Site "Mestre"]
[Date "2016.11.27"]
[Round "5"]
[White "Bressan, Stefano"]
[Black "Tomio, Dante"]
[Result "0-1"]
[WhiteElo "1727"]
[BlackElo "1861"]
[PlyCount "140"]
[EventDate "2016.11.25"]
[EventType "swiss"]
[EventRounds "5"]
[EventCountry "ITA"]
[SourceTitle "EXT 2022"]
[Source "ChessBase"]
[SourceDate "2021.10.06"]
[SourceVersion "1"]
[SourceVersionDate "2021.10.06"]
[SourceQuality "1"]

1. e4 c5 2. Nf3 e6 3. d4 cxd4 4. Nxd4 a6 5. Nc3 Qc7 6. Be3 Nf6 7. Bd3 Nc6 8. 0-0 Bd6 9. f4 Nxd4 10. Bxd4 Bxf4 11. g3 Be5 12. Bxe5 Qxe5 13. Qd2 0-0 14. Rad1 b5 15. a3 Bb7 16. Rfe1 Rac8 17. Qe2 d6 18. Qe3 Rfd8 19. Qb6 Qc5+ 20. Qxc5 dxc5 21. e5 Ne8 22. Bf1 Bf3 23. Be2 Bc6 24. Bf1 b4 25. axb4 cxb4 26. Na2 a5 27. Kf2 Bd5 28. c4 bxc3 29. Nxc3 Bb3 30. Ba6 Rb8 31. Rxd8 Rxd8 32. Re2 Nc7 33. Bb7 Bc4 34. Rc2 Bb3 35. Re2 Rd4 36. Re4 Rd2+ 37. Re2 Rxe2+ 38. Kxe2 Bc2 39. Ke3 Kf8 40. Kd4 Ke7 41. Kc5 Bb3 42. Kb6 Nd5+ 43. Nxd5+ exd5 44. Kxa5 Ke6 45. Kb4 Ba2 46. Kc3 Kxe5 47. b4 Bc4 48. Bc8 Bb5 49. Bg4 d4+ 50. Kd2 Ke4 51. h4 f5 52. Bd1 Kd5 53. Bc2 g6 54. h5 Kc4 55. hxg6 hxg6 56. g4 Bd7 57. gxf5 Bxf5 58. Bd1 Kxb4 59. Bf3 g5 60. Bc6 g4 61. Bb7 g3 62. Bg2 Kc4 63. Ke2 Bg4+ 64. Kd2 Kc5 65. Kc2 Kd6 66. Kd3 Ke5 67. Kd2 Bf5 68. Ke2 Be4 69. Bh3 Kf4 70. Kf1 d3 0-1

[Event "Mestre Cipressina op-A 5th"]
[Site "Mestre"]
[Date "2016.11.26"]
[Round "2"]
[White "Rossi, Gianni"]
[Black "Bressan, Stefano"]
[Result "1/2-1/2"]
[WhiteElo "1802"]
[BlackElo "1727"]
[PlyCount "99"]
[EventDate "2016.11.25"]
[EventType "swiss"]
[EventRounds "5"]
[EventCountry "ITA"]
[SourceTitle "EXT 2022"]
[Source "ChessBase"]
[SourceDate "2021.10.06"]
[SourceVersion "1"]
[SourceVersionDate "2021.10.06"]
[SourceQuality "1"]

1. d4 Nf6 2. f3 d5 3. e4 e6 4. e5 Nfd7 5. f4 c5 6. c3 Nc6 7. Nf3 Be7 8. Bd3 Qb6 9. 0-0 cxd4 10. cxd4 Nxd4 11. Be3 Bc5 12. Bxd4 Bxd4+ 13. Nxd4 Qxd4+ 14. Kh1 Qxb2 15. Nd2 h6 16. Nf3 Qb4 17. f5 exf5 18. Bxf5 Nb6 19. Nd4 Bxf5 20. Nxf5 0-0 21. Qh5 Qd2 22. Ne7+ Kh7 23. Rxf7 Qg5 24. Qf3 Rxf7 25. Qxf7 Qxe5 26. Rf1 Rd8 27. Ng6 Qd6 28. Nh4 Qd7 29. Qg6+ Kg8 30. Nf5 Kh8 31. Nxh6 gxh6 32. Rf7 Qxf7 33. Qxf7 Rd7 34. Qg6 d4 35. a4 d3 36. Qxh6+ Kg8 37. Qg6+ Kf8 38. Qg4 d2 39. Qd1 Nc4 40. Kg1 Ne3 41. Qf3+ Nf5 42. Qxf5+ Ke7 43. Qg5+ Kf8 44. Qf6+ Ke8 45. Qh8+ Ke7 46. Qg7+ Kd8 47. Qg5+ Kc7 48. Qe5+ Kd8 49. Qb8+ Ke7 50. Qe5+ 1/2-1/2